<?xml version="1.0" encoding="UTF-8"?>
<collection xmlns="http://www.loc.gov/MARC21/slim">
  <record>
    <leader>00000nam  2200000   4500</leader>
    <controlfield tag="001">INLIS000000000016546</controlfield>
    <controlfield tag="005">20231127050413</controlfield>
    <datafield tag="035" ind1="#" ind2="#">
      <subfield code="a">0010-1123000189</subfield>
    </datafield>
    <datafield tag="245" ind1="1" ind2="#">
      <subfield code="a">TEMAN OLGA MAJU ( Sistem Pembinaan Olahraga Menuju Balikpapan Juara ) Bidang Keolahragaan Dinas Pemuda, Olahraga dan Pariwisata Kota Balikpapan /</subfield>
      <subfield code="c">M. Norhan, S.Pd</subfield>
    </datafield>
    <datafield tag="100" ind1="1" ind2="#">
      <subfield code="a">NORHAN, M</subfield>
    </datafield>
    <datafield tag="250" ind1="#" ind2="#">
      <subfield code="a">1</subfield>
    </datafield>
    <datafield tag="300" ind1="#" ind2="#">
      <subfield code="a">xi, 47 halaman :</subfield>
      <subfield code="b">ilustrasi ;</subfield>
      <subfield code="c">30</subfield>
    </datafield>
    <datafield tag="260" ind1="#" ind2="#">
      <subfield code="a">Samarinda :</subfield>
      <subfield code="b">Puslatbang KDOD,</subfield>
      <subfield code="c">2023</subfield>
    </datafield>
    <datafield tag="084" ind1="#" ind2="#">
      <subfield code="a">PKA 184 2023</subfield>
    </datafield>
    <datafield tag="650" ind1="#" ind2="4">
      <subfield code="a">Proyek Perubahan</subfield>
    </datafield>
    <datafield tag="650" ind1="#" ind2="4">
      <subfield code="a">Administrator</subfield>
    </datafield>
    <datafield tag="650" ind1="#" ind2="4">
      <subfield code="a">inovasi Pemerintahan</subfield>
    </datafield>
    <datafield tag="650" ind1="#" ind2="4">
      <subfield code="a">peningkatan kinerja</subfield>
    </datafield>
    <datafield tag="650" ind1="#" ind2="4">
      <subfield code="a">kinerja pemerintahan</subfield>
    </datafield>
    <datafield tag="650" ind1="#" ind2="4">
      <subfield code="a">inovasi olahraga</subfield>
    </datafield>
    <datafield tag="520" ind1="#" ind2="#">
      <subfield code="a">"Proyek Perubahan ini menjelaskan permasalahan menurunnya prestasi olahraga Kota Balikpapan di ajang Pekan Olah Raga Provinsi. Inovasi  Sistem Pembinaan Olahraga Menuju Juara (Teman Olga Maju) merupakan suatu inovasi untuk meningkatkan pembinaan, pembibitan dan pengembangan prestasi olahraga Kota Balikpapan yakni dari Sumber Daya&#13;
Manusia (SDM), Teknologi Keolahragaan, Sosialisasi/Seminar-seminar keolahragaan untuk mewujudkan prestasi olahraga menuju juara serta membantu mitra olahraga KONI dalam meningkatkan pembibitan dan pembinaan dalam hal pencapaian prestasi menuju juara di Kota Balikpapan"</subfield>
    </datafield>
    <datafield tag="500" ind1="#" ind2="#">
      <subfield code="a">Coach : Dr. Rahmat Suparman, MA&#13;
Penguji : Drs. Andi Muhammad Ishak, M.Si,Apt&#13;
Mentor : Dr. C.I. Ratih Kusuma W.</subfield>
    </datafield>
    <datafield tag="990" ind1="#" ind2="#">
      <subfield code="a">PKA/184/2023</subfield>
    </datafield>
  </record>
</collection>
